000 01277nam1a2200301 i 4500
001 RU\NLR\bibl\1656143
005 20260608062947.0
010 _a978-5-346-01462-1
_bобщ.
035 _a(NLR Aleph) 001647444
090 _a900392
_c900392
100 _a20100719g20109999u y0rusy50 ca
101 0 _arus
102 _aRU
105 _a||||z |||||
200 1 _aРусский язык
_e5 класс
_e[в 3 ч.]
_fС.И. Львова, В.В. Львов
205 _a7-е изд., стер.
210 _aМосква
_cМнемозина
_d2010
215 _d22
463 0 _10011524557
606 1 _aРусский язык
_jУчебные издания для средней школы
_91533567
_3RU\NLR\auth\66969347
686 _aШ141.12-922.1[5]
700 1 _4070
_7ca
_8rus
_aЛьвова
_bС. И.
_cд-р пед. наук
_gСветлана Ивановна
_97734
_3RU\NLR\auth\7724684
701 1 _4070
_7ca
_8rus
_aЛьвов
_bВ. В.
_cканд. пед. наук
_gВалентин Витальевич
_9120614
_3RU\NLR\auth\7710850
801 0 _aRU
_bNLR
_c20100719
_gRCR
801 1 _aRU
_bNLR
_c20100719
852 _aNLR
_j2010-6/937
942 _cBOOK